01111nam a2200253Ia 4500008004100000020002200041050002100063100002000084245016500104260003200269300003000301500008800331504006500419600000700484650003500491650003300526650004200559650003900601700003100640700004200671942001200713952011500725999001700840120626s9999 xx 000 0 und d a978-968-24-4300-8 aNA1997 B818 1994 aBurstein, David aAdministración de proyectos b: guía para arquitectos e ingenieros civilesc/ David Burstein, Frank Stasiowski ; traducción María Eugenia Cué Navarro aMéxicob: Trillasc, 1994 a185 p. b: il. c; 27 cm. aReimpresión 2008 Traducción de : Proyect management for the design professional aIncluye referencias bibliográficas (p. 181-182) e índice a  aARQUITECTURAxADMINISTRACIÓN aINGENIERIAxADMINISTRACIÓN aDISEÑO DECORATIVOxADMINISTRACIÓN aINGENIERIA CIVILxADMINISTRACIÓN aStasiowski, Frank,ccoaut. aCué Navarro, María Euegenia,ctr. 2lcccLB 00102lcc4070a22b22d2011-10-12l1oNA1997 B818 1994p06 001613r2016-07-27s2016-05-31t1w2012-06-26yLB c65820d65820